[Event "DEM U12 2016"]
[Site "Willingen GER"]
[Date "2016.05.15"]
[Round "1"]
[White "Hassemeier, Mika"]
[Black "Maas, Kolja"]
[Result "1-0"]
[Termination "normal"]
[Board "22"]
[WhiteElo "1769"]
[BlackElo "1432"]
[PlyCount "109"]
[WhiteFideId "12994880"]
[BlackFideId "16220420"]
[EventCountry "GER"]
[EventRounds "11"]
[EventType "swiss"]
[EventDate "2016.05.14"]

1. d4 Nf6 2. c4 g6 3. f3 Bg7 4. e4 d6 5. Nc3 O-O 6. Be3 e5 7. Nge2 c6 8. Qd2
Re8 9. O-O-O d5 10. dxe5 Rxe5 11. Bf4 Re8 12. cxd5 cxd5 13. Nxd5 Nxd5 14. Qxd5
Qb6 15. Qd2 Be6 16. Kb1 Nc6 17. Be3 Qa5 18. Qxa5 Nxa5 19. Nd4 Rad8 20. Bb5 Bd7
21. b4 Bxb5 22. Nxb5 a6 23. Nc7 Rxd1+ 24. Rxd1 Rc8 25. Nd5 Nc6 26. Rc1 Re8 27.
Bd2 h5 28. a3 Kh7 29. Bg5 Re6 30. Bf4 Bh6 31. Bxh6 Kxh6 32. h3 Ne5 33. Rc7 b5
34. Ka2 Rc6 35. f4 Rxc7 36. Nxc7 Nd3 37. g3 Nf2 38. Nxa6 Nxe4 39. Nc7 Nxg3 40.
Nxb5 Ne2 41. a4 Nxf4 42. a5 Nd5 43. Kb3 f5 44. Kc4 Ne7 45. Na7 f4 46. b5 f3 47.
Kd3 Nd5 48. b6 Nf4+ 49. Ke3 f2 50. Kxf2 Nd3+ 51. Kg3 Nc5 52. Nc6 g5 53. Nb4 Kg7
54. a6 Ne4+ 55. Kg2 1-0

[Event "DEM U12 2016"]
[Site "Willingen GER"]
[Date "2016.05.15"]
[Round "1"]
[White "Yüksel, Baran"]
[Black "Kölle, Tobias"]
[Result "0-1"]
[Termination "normal"]
[Board "23"]
[WhiteElo "1351"]
[BlackElo "1714"]
[PlyCount "102"]
[WhiteFideId "12998710"]
[BlackFideId "16207378"]
[EventCountry "GER"]
[EventRounds "11"]
[EventType "swiss"]
[EventDate "2016.05.14"]

1. e4 e5 2. Nf3 Nc6 3. d4 exd4 4. Nxd4 Bc5 5. Nb3 Bb6 6. a4 a6 7. Nc3 d6 8. Bc4
Ne5 9. Be2 h6 10. O-O Nf6 11. Bf4 Ng6 12. Bg3 O-O 13. Bf3 Re8 14. Re1 Ne5 15.
Bh4 g5 16. Bg3 Ng6 17. Nd5 Nxd5 18. exd5 Rxe1+ 19. Qxe1 g4 20. Be4 f5 21. Bd3
Qf6 22. Qe8+ Kg7 23. Re1 Qf7 24. Qxf7+ Kxf7 25. Kf1 Bd7 26. f4 h5 27. a5 Ba7
28. h4 gxh3 29. gxh3 Rg8 30. Nc1 Ne7 31. Bh2 Nxd5 32. Bc4 Bc6 33. Bxd5+ Bxd5
34. Re2 Bf3 35. Rf2 Bxf2 36. Kxf2 Be4 37. Bg3 Bxc2 38. Ne2 Be4 39. h4 Ke6 40.
Ke3 c5 41. Bf2 d5 42. Ng3 d4+ 43. Ke2 Rh8 44. Kd2 Kd5 45. Ne2 Kc4 46. Kc1 Kb4
47. Be1+ Kc4 48. Ng3 Kd3 49. Bf2 Rg8 50. Kd1 Rg4 51. Ne2 Bf3 0-1

[Event "DEM U12 2016"]
[Site "Willingen GER"]
[Date "2016.05.15"]
[Round "1"]
[White "Colbow, Collin"]
[Black "Kanzow, Alexander"]
[Result "1-0"]
[Termination "normal"]
[Board "24"]
[WhiteElo "1632"]
[BlackElo "1421"]
[PlyCount "99"]
[WhiteFideId "16201132"]
[BlackFideId "16225414"]
[EventCountry "GER"]
[EventRounds "11"]
[EventType "swiss"]
[EventDate "2016.05.14"]

1. e4 e5 2. Nf3 Nc6 3. Bc4 Nf6 4. d3 d5 5. exd5 Nxd5 6. O-O Bc5 7. Re1 O-O 8.
Nbd2 Re8 9. Ne4 Be7 10. Bd2 h6 11. Ng3 Bc5 12. a3 a5 13. h3 Nf6 14. Nh2 Be6 15.
Bxe6 Rxe6 16. Nf5 Nd4 17. Nxd4 Bxd4 18. Rb1 e4 19. dxe4 Rxe4 20. Nf3 Qd5 21.
Bc3 Rxe1+ 22. Qxe1 Re8 23. Qd2 Bxc3 24. Qxc3 c6 25. b4 axb4 26. Rxb4 Qd1+ 27.
Kh2 Nd5 28. Qd4 Qxd4 29. Rxd4 Re2 30. Rd2 Rxd2 31. Nxd2 Kf8 32. Kg3 f5 33. c4
Nc7 34. Kf4 g6 35. Ke5 Ke7 36. Nb3 b6 37. Nd4 c5 38. Nf3 Ne6 39. Kd5 Nf4+ 40.
Kc6 Nxg2 41. Kxb6 Kd6 42. a4 Nf4 43. a5 g5 44. a6 Ne6 45. Ne5 Nc7 46. Nf7+ Kd7
47. Kb7 f4 48. Nxh6 f3 49. Ng4 Kd6 50. Nh2 1-0

[Event "DEM U12 2016"]
[Site "Willingen GER"]
[Date "2016.05.15"]
[Round "1"]
[White "Ewerhardy, Moritz"]
[Black "Astner, Sebastian"]
[Result "0-1"]
[Termination "normal"]
[Board "25"]
[WhiteElo "1382"]
[BlackElo "1712"]
[PlyCount "86"]
[WhiteFideId "36052086"]
[BlackFideId "12979422"]
[EventCountry "GER"]
[EventRounds "11"]
[EventType "swiss"]
[EventDate "2016.05.14"]

1. d4 Nc6 2. c4 e5 3. e3 Bb4+ 4. Nc3 Nf6 5. a3 Bxc3+ 6. bxc3 d5 7. Bb2 e4 8.
cxd5 Qxd5 9. c4 Qa5+ 10. Qd2 Qxd2+ 11. Kxd2 Bf5 12. Ne2 O-O-O 13. Ng3 Bg6 14.
Be2 Ne7 15. Rhc1 h5 16. h3 Nf5 17. Nxf5 Bxf5 18. a4 Rh6 19. a5 a6 20. c5 c6 21.
Bc3 Nd5 22. Bc4 Rg6 23. Rg1 Be6 24. Rab1 Rd7 25. f3 Nxc3 26. Kxc3 Bxc4 27. Kxc4
Re7 28. f4 f5 29. Rb2 Rg3 30. Re2 Kd7 31. Kc3 g5 32. Rf1 Ke6 33. Kd2 Rg7 34.
fxg5 R3xg5 35. Rg1 Kd5 36. Kc3 f4 37. exf4 Rg3+ 38. Kb4 Kxd4 39. Rd1+ Rd3 40.
Rc1 Rgg3 41. Rc4+ Kd5 42. Rb2 e3 43. Rcc2 Rd4+ 0-1

[Event "DEM U12 2016"]
[Site "Willingen GER"]
[Date "2016.05.15"]
[Round "1"]
[White "Breitzmann, Sander"]
[Black "Riemann, Jonas"]
[Result "1-0"]
[Termination "normal"]
[Board "26"]
[WhiteElo "1582"]
[BlackElo "1408"]
[PlyCount "151"]
[WhiteFideId "12987085"]
[BlackFideId "12977462"]
[EventCountry "GER"]
[EventRounds "11"]
[EventType "swiss"]
[EventDate "2016.05.14"]

1. e4 e6 2. d4 d5 3. Nc3 Nf6 4. e5 Nfd7 5. f4 c5 6. Nf3 Nc6 7. Ne2 Be7 8. g3
O-O 9. Bh3 Qc7 10. c3 b5 11. O-O b4 12. Be3 Ba6 13. f5 exf5 14. Bxf5 bxc3 15.
bxc3 Na5 16. Bf4 Qc6 17. Bg5 Rfe8 18. Rf2 Nf8 19. Nf4 Nc4 20. Qe1 h6 21. Bxe7
Rxe7 22. Nd3 cxd4 23. cxd4 Rb8 24. Nc5 Bc8 25. Rb1 Rxb1 26. Qxb1 Bxf5 27. Qxf5
Ne6 28. Nxe6 Qxe6 29. Qf4 Rb7 30. g4 Rb1+ 31. Kg2 Qg6 32. Nd2 Nxd2 33. Rxd2 h5
34. h3 Re1 35. Qf5 hxg4 36. Qxg6 gxh3+ 37. Kxh3 fxg6 38. Kg4 Rg1+ 39. Kf3 Kf7
40. Rc2 Rf1+ 41. Ke2 Rf4 42. Ke3 Re4+ 43. Kd3 Ke6 44. Rc6+ Kf5 45. Rd6 g5 46.
Rxd5 Rg4 47. Rd7 Rg3+ 48. Kc4 Ra3 49. Rxg7 Rxa2 50. Rf7+ Ke6 51. Rf6+ Ke7 52.
Rg6 Ra4+ 53. Kd5 a5 54. Rg7+ Kf8 55. Rxg5 Rb4 56. Rg6 Rb2 57. Ra6 Ra2 58. Ke6
Rf2 59. Rxa5 Rf4 60. d5 Rd4 61. d6 Rh4 62. Ra8+ Kg7 63. Ra7+ Kg6 64. d7 Rd4 65.
Ra8 Kg5 66. d8=Q+ Rxd8 67. Rxd8 Kf4 68. Kf6 Ke4 69. e6 Kf4 70. e7 Kf3 71. e8=Q
Kf4 72. Rd4+ Kf3 73. Qe4+ Kg3 74. Qe3+ Kg2 75. Rd2+ Kf1 76. Qf2# 1-0

[Event "DEM U12 2016"]
[Site "Willingen GER"]
[Date "2016.05.15"]
[Round "1"]
[White "Zwecker, Hagen"]
[Black "Wu, Luka"]
[Result "0-1"]
[Termination "normal"]
[Board "27"]
[WhiteElo "1325"]
[BlackElo "1777"]
[PlyCount "94"]
[WhiteFideId "12991007"]
[BlackFideId "12977420"]
[EventCountry "GER"]
[EventRounds "11"]
[EventType "swiss"]
[EventDate "2016.05.14"]

1. e4 e5 2. Nf3 Nc6 3. Bc4 Bc5 4. c3 Nf6 5. d4 exd4 6. cxd4 Bb4+ 7. Bd2 d5 8.
exd5 Nxd5 9. O-O Bxd2 10. Nbxd2 O-O 11. Re1 Nb6 12. Bb3 Nxd4 13. Nxd4 Qxd4 14.
Qf3 Bg4 15. Qc3 Qxc3 16. bxc3 Rad8 17. Ne4 Nd5 18. f3 Bf5 19. Rad1 Bxe4 20.
Rxe4 Nf6 21. Rxd8 Rxd8 22. Re7 Rd7 23. Bxf7+ Kf8 24. Rxd7 Nxd7 25. Bb3 b5 26.
Kf2 Ke7 27. Ke3 Kd6 28. Kd4 c5+ 29. Ke4 c4 30. Bc2 a5 31. Kd4 Nf8 32. g4 Ne6+
33. Ke4 b4 34. cxb4 axb4 35. f4 Kc5 36. h4 Nd4 37. Bd1 Nb5 38. Ke3 Nc3 39. Kd2
Nxa2 40. f5 Kd4 41. h5 Nc3 42. h6 gxh6 43. f6 Ne4+ 44. Ke2 Nxf6 45. Kf3 Nd5 46.
Ke2 Nc3+ 47. Kd2 Nxd1 0-1

[Event "DEM U12 2016"]
[Site "Willingen GER"]
[Date "2016.05.15"]
[Round "1"]
[White "Kosev, Momchil"]
[Black "Stahnecker, Hagen"]
[Result "1-0"]
[Termination "normal"]
[Board "28"]
[WhiteElo "1778"]
[BlackElo "1316"]
[PlyCount "89"]
[WhiteFideId "12975982"]
[BlackFideId "16225422"]
[EventCountry "GER"]
[EventRounds "11"]
[EventType "swiss"]
[EventDate "2016.05.14"]

1. c4 e5 2. Nc3 Nc6 3. g3 Nf6 4. Bg2 Bc5 5. Nf3 d6 6. d3 Be6 7. O-O h6 8. a3 a5
9. Rb1 Qd7 10. e3 Bb6 11. b4 Rb8 12. Re1 Bf5 13. Qc2 O-O 14. Bd2 axb4 15. axb4
Rfe8 16. Nh4 Bh3 17. b5 Ne7 18. Na4 Bxg2 19. Kxg2 Rec8 20. Qb2 Bc5 21. Rbd1 Ba7
22. Bc3 Ra8 23. Qb3 Bb8 24. e4 Re8 25. h3 Nc8 26. Ra1 c6 27. Nc5 dxc5 28. Rxa8
Ba7 29. bxc6 Qxc6 30. Ra1 Bb6 31. Rb1 Nd7 32. Qb5 Qd6 33. Rd1 Rd8 34. Nf5 Qe6
35. Rb1 Kh7 36. Ne3 Na7 37. Rxa7 Bxa7 38. Ba5 Rb8 39. Bc7 Ra8 40. Qxb7 Qe8 41.
Ra1 g5 42. Rxa7 Rxa7 43. Qxa7 Qe6 44. Qb7 Nf6 45. Qb6 1-0

[Event "DEM U12 2016"]
[Site "Willingen GER"]
[Date "2016.05.15"]
[Round "1"]
[White "Karl, Simon"]
[Black "Pahl, Erik"]
[Result "0-1"]
[Termination "normal"]
[Board "29"]
[WhiteElo "1451"]
[BlackElo "1631"]
[PlyCount "83"]
[WhiteFideId "16217985"]
[BlackFideId "16201272"]
[EventCountry "GER"]
[EventRounds "11"]
[EventType "swiss"]
[EventDate "2016.05.14"]

1. d4 Nf6 2. c4 g6 3. Nc3 Bg7 4. Nf3 O-O 5. g3 d6 6. Bg2 Nc6 7. O-O e5 8. e4 h6
9. h3 exd4 10. Nxd4 Re8 11. Be3 Nxd4 12. Bxd4 Be6 13. b3 c5 14. Bxf6 Bxf6 15.
Qd3 Qa5 16. Rfc1 Bd4 17. a4 a6 18. Rab1 Rab8 19. Ne2 Be5 20. f4 Bf6 21. Rd1
Red8 22. Rd2 b5 23. axb5 axb5 24. Rdd1 bxc4 25. bxc4 Rxb1 26. Rxb1 Qa4 27. Rc1
Bb2 28. Rc2 Rb8 29. f5 gxf5 30. exf5 Bd7 31. Qd2 Be5 32. Qd3 Rb3 33. Qe4 Re3
34. Qxe3 Qxc2 35. Qe4 Bxf5 36. Qxc2 Bxc2 37. Kf2 Bd3 38. Bd5 Bf5 39. g4 Be6 40.
Be4 Bxc4 41. Ke3 d5 42. Bf5 0-1

[Event "DEM U12 2016"]
[Site "Willingen GER"]
[Date "2016.05.15"]
[Round "1"]
[White "Grund, Sebastian"]
[Black "Jeschke, Jan"]
[Result "1-0"]
[Termination "normal"]
[Board "30"]
[WhiteElo "1773"]
[BlackElo "1167"]
[PlyCount "49"]
[WhiteFideId "12988626"]
[BlackFideId "16225430"]
[EventCountry "GER"]
[EventRounds "11"]
[EventType "swiss"]
[EventDate "2016.05.14"]

1. d4 d5 2. Nf3 e6 3. g3 Nf6 4. Bg2 Bd7 5. c4 c5 6. cxd5 Nxd5 7. O-O Nc6 8. e4
Nc7 9. d5 Ne7 10. d6 Bb5 11. Re1 Ng6 12. dxc7 Qxc7 13. Nc3 Rd8 14. Qb3 Bc6 15.
Bg5 Rd3 16. Rad1 Bxe4 17. Rxe4 Rxd1+ 18. Qxd1 Be7 19. Qa4+ Kf8 20. Bxe7+ Nxe7
21. Qxa7 g6 22. Nb5 Qc6 23. Qa4 Kg7 24. Ne5 Qc8 25. Nd6 1-0